000 00981nam2a22002651 4500
001 v19\rc\1933902
005 20251118180728.4
035 _a(NLR Aleph) 005015534
090 _a6533457
_c6533457
100 _a20080404d1912 u y0rusy50 ca
101 0 _arus
102 _aRU
105 _ay z |||||
200 0 _aЧ. 2
210 _d1912
215 _a23 с.
461 0 _1001v19\rc\1933900
_12001#$aСтихотворения Сергея Александровича Осипова$eЧ. 1-$vЧ. 2
_1700#1$aОсипов$bС.А.$gСергей Александрович
_96533440
_aОсипов, С.А.
_cМосква
_d1912-1916
_nтипо-лит. И. Ефимова
_oЧ. 1-
_tСтихотворения Сергея Александровича Осипова
_vЧ. 2
801 0 _aRU
_bNLR
_gpsbo
801 0 _aRU
_bRuMoRGB
_2psbo
801 1 _aRU
_bProSoft-M
_2rusmarc
852 _aNLR
_j18.288.7.267
899 _aRuMoRGB
_jV 92/40
899 _aБАН
942 _cBOOK
980 _aNB